Písanie na stroji rytmus, presnosť, rýchlosť : pre pokročilých
Saved in:
| Main Author: | |
|---|---|
| Format: | Book |
| Language: | Slovak |
| Published: |
Bratislava
Slovenské pedagogické nakladateľstvo
1985
|
| Tags: |
No Tags, Be the first to tag this record!
|
MARC
| LEADER | 00000nam a2200000 4500 | ||
|---|---|---|---|
| 001 | c109749 | ||
| 005 | 20221128070640.4 | ||
| 041 | 0 | |a slo | |
| 044 | |a SK | ||
| 245 | 1 | 0 | |a Písanie na stroji |b rytmus, presnosť, rýchlosť : pre pokročilých |c Miroslava Mesiarová |
| 264 | 1 | |a Bratislava |b Slovenské pedagogické nakladateľstvo |c 1985 | |
| 300 | |a 273 s. | ||
| 100 | 1 | |a Mesiarová, Miroslava | |